000 00332nam a2200133Ia 4500
008 191201s1998 xx 000 0 und d
082 _a621.106
_bROH
100 _aROBERSON, John A
245 0 _aHydraulic Engineering
260 _aN.Delhi
_bJaico Publication House
_c1998
300 _a662
650 _aB.Tech(ME)
942 _2ddc
_cBK
999 _c1789
_d1789